| 000 | 00701nam a2200205 i 4500 | ||
|---|---|---|---|
| 001 | 127166 | ||
| 003 | ES-MaACL | ||
| 005 | 20230906192945.0 | ||
| 007 | t| | ||
| 008 | 070214s1973 sp r ||||1| spa d | ||
| 100 | 1 |
_aReyes Cano, Rogelio. _996580 |
|
| 245 | 1 | 3 |
_aLa Arcadia de Sannazaro en España / _cRogelio Reyes Cano. |
| 260 |
_aSevilla : _bUniversidad, _c1973. |
||
| 300 |
_a178 p., 4 lám. ; _c25 cm. |
||
| 490 | 1 |
_aAnales de la universidad hispalense. Serie filosofía y letras ; _v16 |
|
| 600 | 0 | 4 |
_aSannazaro, Jacopo. _9103191 |
| 830 | 0 |
_aAnales de la universidad hispalense. Serie filosofía y letras ; _v16 _9219176 |
|
| 852 |
_aES-MaACL _jC-54708 _bR.87075 |
||
| 999 |
_c127166 _d127166 |
||